|
|
|
|
| LEADER |
00000nam a2200000 4500 |
| 003 |
SK-BrCVT |
| 005 |
20220617224304.0 |
| 008 |
100824s2009 gw e ||||||eng d |
| 020 |
|
|
|a 9783527322909
|
| 035 |
|
|
|a CVTIDW0001570
|
| 040 |
|
|
|b slo
|a CVTI SR
|e AACR2
|
| 041 |
0 |
|
|a eng
|
| 044 |
|
|
|a gw
|
| 080 |
|
|
|a 581.1
|2 UDC-MRF
|
| 080 |
|
|
|a 577
|2 UDC-MRF
|
| 100 |
1 |
|
|a Hirt, Heribert
|4 aut
|d 1956-
|
| 245 |
1 |
0 |
|a Plant stress biology :
|b from genomics to systems biology /
|c Authors: Heribert Hirt ... [et al.]
|
| 250 |
|
|
|a [1st ed.]
|
| 260 |
|
|
|c 2009
|a Weinheim :
|b Wiley-VCH
|
| 300 |
|
|
|a XVI, 257 s. :
|b grafy, lit., obr., tab. ;
|
| 653 |
1 |
|
|a biotický stres
|
| 653 |
1 |
|
|a abiotický stres
|
| 653 |
1 |
|
|a stresový hormón
|
| 653 |
1 |
|
|a biológia rastlín
|
| 653 |
1 |
|
|a genomika
|
| 653 |
1 |
|
|a proteomika
|
| 653 |
1 |
|
|a rastlinná bunka
|
| 910 |
|
|
|a BA002
|b A611437
|
| 919 |
|
|
|a 978-3-527-32290-9
|
| 959 |
|
|
|a 07
|
| 974 |
|
|
|a Jelinkova
|f Knihy
|
| 992 |
|
|
|a AZN
|
| 999 |
|
|
|c 156675
|d 156675
|